000 00614nam a2200241Ia 4500
003 OSt
005 20220923230517.0
006 a|||||r|||| 00| 0
007 ta
008 Pun
024 _a282,680
037 _cTextual
040 _aARTS
_cARTS
_bPun
041 _2Pun
_aPun
082 _aO153,3NDEE,SR, M1
100 _aਇਕਬਾਲ ਦੀਪ
245 0 _aਸਿੰਬਲ ਰੁੱਖ
260 _c1981
300 _a188ਪੰ
_ccm.
650 _aਪੰਜਾਬੀ ਸਾਹਿਤ
942 _hO153,3NDEE,SR, M1
_cTEXL
_2CC
999 _c385375
_d385375